=LDR 00000nam 2200000 4500 =001 INLIS000000000027282 =005 20130612125653 =008 ***********************************Ind** =035 ##$$0010-061300000027282 =041 ##$$a Ind =082 ##$$a 808.83 =090 ##$$a 808.83, Sur =100 ##$$a Surayya,siti ayu =245 ##$$a Antologi cerpen pelajar:Lomba cipta cerpen pelajar, Siti ayu surayya =260 ##$$a 2007 $b Mataram =300 ##$$a 90 hlm, 22 cm =850 ##$$a NBPNMAT